Lisa
Saved in:
| Format: | Book |
|---|---|
| Language: | Spanish |
| Published: |
Madrid
De la Torre
1988
|
| Series: | Proyecto Didáctico Quirón. Programa Filosofía para Niños
|
| Subjects: | |
| Tags: |
Add Tag
No Tags, Be the first to tag this record!
|
MARC
| LEADER | 00000nam a2200000 a 4500 | ||
|---|---|---|---|
| 001 | UCN1803 | ||
| 003 | CL-VaPUC | ||
| 008 | 010504e19880000SP |||||||||||||||||spa|d | ||
| 082 | 0 | 4 | |a 808.0683 |b LIP |2 21 |
| 245 | 1 | 0 | |a Lisa |
| 300 | |a 136 p | ||
| 942 | |c BK | ||
| 945 | |d 20010504 00:00:00 |a cmena | ||
| 260 | |a Madrid |b De la Torre |c 1988 | ||
| 500 | |a En forma separada: Investigación ética: manual del profesor para acompañar a Lisa | ||
| 650 | 0 | |a Literatura infantil |9 307465 | |
| 650 | 7 | |a FILOSOFIA PARA NIÑOS |2 CL-VaPUC |9 457156 | |
| 583 | |a last modification |c 20010504 00:00:00 |k Rodrigo Vera | ||
| 490 | 0 | |a Proyecto Didáctico Quirón. Programa Filosofía para Niños | |
| 999 | |c 295028 |d 295026 | ||
| 952 | |0 0 |1 0 |4 0 |6 808_068300000000000_LIP_1988 |7 0 |8 A |9 347891 |a BIBEDU |b BIBEDU |d 2019-11-20 |i 3521400 |o 808.0683 LIP 1988 |p 3521400 |r 2019-11-20 |w 2019-11-20 |y BK |k EPE | ||
| 952 | |0 0 |1 0 |4 0 |6 808_068300000000000_LIP_1988 |7 0 |8 A |9 347892 |a BIBEDU |b BIBEDU |d 2019-11-20 |i 3698793 |o 808.0683 LIP 1988 |p 3698793 |r 2019-11-20 |w 2019-11-20 |y BK |k EPE | ||